000 00670nam a2200289Ia 4500
005 20260324120829.0
008 008 260324s9999 xx 000 0 eng d
020 _a9780203067987
037 _aEBOOK
040 _aCRL
040 _beng
040 _cCRL
041 _2eng
041 _aeng
084 _qCRL
100 _aEdward J. Fink
_91160138
245 0 _aDramatic Story Structure
245 2 _bA Primer for Screenwriters
260 _bTaylor and Francis
260 _c2014
365 _a
365 _b265
856 _uhttp://www.taylorfrancis.com/books/9780203067987
942 _cEBOOK
999 _c1751862
_d1751862